Регионална библиотека "Любен Каравелов" - Русе

Мостът на птиците (Запис номер 5563)

MARC детайли
000 -Лидер
Контролно поле с фиксирана дължина 01312nam a2200325 c 4500
003 - Код на организацията, давaща контролен номер
Контролно поле BLK
005 - Дата и час на последна редакция
Контролно поле 20180420213958.0
008 - Елементи от данни с фиксирана дължина
fixed length control field 180412b bul|||||r ||||||| ||bul||
010 ## - Наследен системен номер
LC control number KNG00006759000
020 ## - Международен стандартен номер на книга ISBN
Международен стандартен номер на книга ISBN 954-584-044-7
-- издат.: Абагар Холдинг
040 ## - Източник на каталожния запис
Идентификатор на билиотеката - собственик на записа BLK
041 ## - Код за език
Код за езика на текст/звукозапис или на отделно заглавие Български
Код за езика КДБФ Български
080 ## - УДК
Текстов определител УДК Английска литература
УДК код - определител по УДК 821.111
УДК определител -312.9
УДК - код + определител 821.111-312.9
100 1# - Редна дума - Автор
Автор Хюгарт, Бари
Авторска отговорност първи автор
R(LIN) 138838
139 ## - Редно поле
Редна дума Хюгарт, Бари
Авторски знак Хю - Х 98
245 10 - Сведения за заглавието
Заглавие Мостът на птиците
Подзаглавни данни Фантаст. роман
Редно поле (дума) Бари Хюгарт; прев. от англ. Иванка Стефанова.
257 ## - Страна на издаване
Страна на създаване/издаване Великобритания
260 ## - Област на издателските данни
-- София
Име на издателя, разпространителя и проч. Абагар Холдинг
Година на издаване 1994
Печатница Враца : Полипринт
300 ## - Физическа характеристика
Страници 288 с.
Размери/Мащаб 20 см
380 ## - Жанр
Жанр Худож. лит.
490 1# - СЕРИИ (Колекции)
Име на серия Историите на Господаря Ли
490 1# - СЕРИИ (Колекции)
-- Подсерия
Име на серия Приказна фантастика
№: серия Кн. 1
500 ## - Общи забележки
Забележка Ориг. загл. Bridge of birds / Barry Hughart. - 6 150 тир.
700 1# - Други автори (авторска отговорност)
Лично име Стефанова, Иванка
Автороска отговорност (Описва отношението между автора и произведението) прев. от англ.
9 (RLIN) 244006
852 ## - Местоположение
Форматна сигнатура Цб 182373
856 4# - Електронен адрес и достъп
Електронен формат pdf - файл
Път до файла /url/
856 4# - Електронен адрес и достъп
Електронен формат pdf - файл
Път до файла /url/
942 ## - АРТИКУЛИ
Вид на библиотечния материал Книги
Скрит в OPAC Не
944 ## - СЪЗДАВАНЕ И РЕДАКЦИЯ на ЗАПИСА
Създаване/Редакция Създаване
Дата на регистрацията/редакция 15.01.2003
Служител, извършил регистрацията/редакцията AB_DOS
944 ## - СЪЗДАВАНЕ И РЕДАКЦИЯ на ЗАПИСА
Създаване/Редакция Редакция
Дата на регистрацията/редакция 13.09.2017
Служител, извършил регистрацията/редакцията Севдалина_Василева
999 ## - СИСТЕМНИ КОНТРОЛНИ НОМЕРА
Koha biblionumber 5563
Koha biblioitemnumber 5563
Наличности
Код за отписване Код за изгубен артикул Източник на класификационната схема Код за повреда Коз за рестрикции Код за отдаване Артикулен № Име на библиотеката - собственик Име на библиотеката, в която се намира в момента Статус (Текущо местоположение) Дата на вписване в системата Местоположение - отдел Цена в лева Инвентарен номер Систематично азбучна сигнатура Баркод Номер на екземпляра Цена в евро Служебна бележка Служебен тип на артикула
  Не е изгубен Universal Decimal Classification Не е повреден без рестрикции ползва се в читалня 9829 Регионална библиотека "Любен Каравелов" Русе Регионална библиотека "Любен Каравелов" Русе Хранилище 2001-01-01 Хранилище 0.80 611706 Цб 182373 120000611706 1 0.41 Дост: Dp Вид: Д Дата: 01.01.2001 Дата инв: 03.12.2014 Бележки инв: Цб2014 Книги
Изтеглен Не е изгубен   Не е повреден без рестрикции заемане за дома 9830 Регионална библиотека "Любен Каравелов" Русе Регионална библиотека "Любен Каравелов" Русе Детски отдел 1994-01-01 Детски отдел 89.00 649868 Д 820/899/Х 98 649868 2 45.50 Дост: Pk Вид: Ф N: стар фонд Дата: 01.01.1994 Книги
Vip Innovations Ltd, Rousse, Bulgaria 2025